000 00314nam a22001457a 4500
008 210514b ||||| |||| 00| 0 eng d
020 _a9780312432843
041 _aeng
080 _a82
082 _a82
100 _a21
101 _aGJL
245 _aReal Skills with Readings
_cSusan Anker
942 _2udc
_cBK
999 _c57334
_d57334